| 000 | 00544 a2200169 4500 | ||
|---|---|---|---|
| 005 | 20250526131653.0 | ||
| 020 | _a978-0-07-340481-3 | ||
| 082 | _a658.8 PER | ||
| 100 | _aPERREAULT, W. D. | ||
| 245 | _aEssentials of Makerting : A Marketing Strategy Planning Approach. | ||
| 250 | _a12th Ed. | ||
| 260 |
_aNew York, _bMcgraw- Hill Irwin, _c2010. |
||
| 300 |
_axxxviii, 691p.: Ill.; _bIndex _c26cm. |
||
| 700 | _aCANNON, J. P. & JEROME, E. | ||
| 856 |
_yAccess Online Book _fEssentials of Marketing _dwww.mhhe.com/fourps |
||
| 942 |
_2ddc _cBKS |
||
| 999 |
_c2665 _d2665 |
||